000 00451nam a2200181 4500
001 VA45147
003 ES-SlBCS
005 20210601160003.0
008 140520s1974 xxu||||| |||| 00| 0 spa d
041 _aspa
100 1 _aAlcocer, Rafael
_929772
245 1 0 _aSanto Domingo de Silos
_cRafael Alcocer
250 _a2ยช ed.
260 _aBurgos :
_bAldecoa
_c, 1974
300 _a363 p.;
_c20 cm
600 1 4 _aDomingo de Silos
_9353221
942 _cBK
999 _c824207
_d824207